000 00947cab a22002175a 4500
001 L142738
008 080305e20080301xxk f 000 0 eng d
035 _a(Sirsi) u142738
041 0 _aeng
100 1 _aRose, Adrian
245 0 0 _aTime is ticking on rates
260 _c2008
490 0 _aEstates Gazette
_v(0808) 1 March 2008, 154(1)
520 _aNotes that the empty properties regime will change in April 2008. Discusses the situation before and after the introduction of the new regime. Comments on the likely avoidance tactics that developers may use. Finds that the industrial sector will be the worst hit because the shift from 100% to nil relief will be difficult.
590 _aKA
650 2 4 _aRATING (EMPTY PROPERTIES) BILL 2006-07
650 2 4 _aRATING (EMPTY PROPERTIES) ACT 2007
651 4 _aEngland and Wales
_y1543-
690 _aPROPERTY-COMMERCIAL PROPERTY-COMMERCIAL PROPERTY TAXATION-BUSINESS RATES
942 _n0
999 _c79930
_d79930